Câu chuyện khoa học
Sách gồm 3 phần: Chuyện khám phá trong khoa học, chuyện con số và chuyện nhà khoa học.
保存先:
| 第一著者: | |
|---|---|
| フォーマット: | 図書 |
| 言語: | Undetermined |
| 出版事項: |
Thành phố Hồ Chí Minh
Tổng hợp Thành phố Hồ Chí Minh
2016
|
| 主題: | |
| タグ: |
タグ追加
タグなし, このレコードへの初めてのタグを付けませんか!
|
| Thư viện lưu trữ: | Trung tâm Học liệu Trường Đại học Cần Thơ |
|---|
| LEADER | 00714nam a2200205Ia 4500 | ||
|---|---|---|---|
| 001 | CTU_222951 | ||
| 008 | 210402s9999 xx 000 0 und d | ||
| 020 | |c 105000 | ||
| 082 | |a 500 | ||
| 082 | |b T502 | ||
| 100 | |a Nguyễn, Văn Tuấn | ||
| 245 | 0 | |a Câu chuyện khoa học | |
| 245 | 0 | |c Nguyễn Văn Tuấn | |
| 260 | |a Thành phố Hồ Chí Minh | ||
| 260 | |b Tổng hợp Thành phố Hồ Chí Minh | ||
| 260 | |c 2016 | ||
| 520 | |a Sách gồm 3 phần: Chuyện khám phá trong khoa học, chuyện con số và chuyện nhà khoa học. | ||
| 650 | |a Science,Khoa học | ||
| 904 | |i Hải | ||
| 980 | |a Trung tâm Học liệu Trường Đại học Cần Thơ | ||